Statistics for Biggest Cities in Western Europe - Insane

Click here to take the quiz!

General Stats

  • This quiz has been taken 56 times
  • The average score is 154 of 422

Answer Stats

Rank Country Pop City % Correct
1UK8,754,710London
100%
3Spain3,165,541Madrid
100%
8Spain1,608,746Barcelona
100%
12UK1,126,927Birmingham
97%
2Germany3,520,031Berlin
97%
31Denmark602,481Copenhagen
97%
24Greece664,046Athens
97%
23Norway666,759Oslo
97%
42Portugal552,700Lisbon
97%
15Sweden935,619Stockholm
97%
41Ireland553,165Dublin
97%
11Belgium1,187,960Brussels
97%
9Germany1,450,381Munich
97%
10Italy1,345,581Milan
97%
4Italy2,864,731Rome
97%
5France2,220,445Paris
97%
6Austria1,867,960Vienna
97%
99Italy263,352Venice
95%
29Germany612,178Düsseldorf
95%
7Germany1,787,408Hamburg
95%
27Finland635,181Helsinki
95%
14Italy974,074Naples
95%
18Netherlands848,861Amsterdam
95%
17France858,120Marseille
95%
50France506,615Lyon
92%
26Netherlands638,221Rotterdam
92%
13Germany1,060,582Cologne
92%
44UK537,820Manchester
92%
30UK603,080Glasgow
92%
22Italy674,435Palermo
89%
16Italy890,526Turin
89%
48Belgium517,042Antwerp
89%
53UK480,250Edinburgh
89%
68France343,895Nice
89%
51UK493,623Leeds
89%
20Germany732,688Frankfurt am Main
89%
60Italy382,808Florence
89%
36UK565,161Liverpool
86%
19Spain790,021Valencia
86%
58Switzerland396,955Zürich
84%
71UK333,740Belfast
84%
66UK345,810Cardiff
84%
117Portugal237,591Porto
84%
34Germany582,624Essen
81%
45UK535,782Sheffield
81%
21Spain690,566Seville
81%
47Netherlands524,305The Hague
81%
162Switzerland198,072Geneva
81%
108France246,586Bordeaux
81%
90UK279,534Newcastle upon Tyne
81%
28Germany623,738Stuttgart
78%
287Switzerland131,554Bern
76%
49Germany509,975Nuremberg
76%
155UK201,470Aberdeen
76%
74Sweden328,494Malmö
76%
76Italy326,344Bari
73%
59Italy386,663Bologna
73%
39Germany557,464Bremen
73%
38Germany560,472Leipzig
73%
54France466,297Toulouse
73%
103Italy258,765Verona
73%
93France276,170Strasbourg
73%
85France298,029Nantes
73%
78Germany318,809Bonn
70%
295Ireland125,622Cork
70%
77Greece325,182Thessaloniki
70%
121France233,897Lille
70%
67Spain345,122Bilbao
70%
57Spain402,949Palma de Mallorca
70%
55UK458,175Leicester
70%
43Germany543,825Dresden
70%
91Norway278,556Bergen
68%
33Germany586,181Dortmund
68%
207UK168,270Oxford
68%
69Netherlands343,086Utrecht
68%
46Germany532,163Hannover
68%
32Italy586,655Genoa
68%
75Spain326,609Córdoba
65%
98UK266,391Southampton
65%
25Spain661,088Zaragoza
65%
35Spain569,009Málaga
65%
37UK560,982Bristol
65%
219UK160,968York
65%
89Austria283,586Graz
62%
234UK154,499Cambridge
62%
115UK239,695Brighton and Hove
62%
241Austria152,395Salzburg
62%
83UK302,029Nottingham
62%
82Germany305,780Mannheim
59%
184UK182,361Swansea
59%
124Netherlands226,879Eindhoven
59%
120Spain234,758Granada
59%
340Luxembourg115,227Luxembourg
57%
114UK241,124Plymouth
57%
248UK148,290Dundee
57%
52Germany491,231Duisburg
57%
111UK245,360Portsmouth
57%
308Iceland123,346Reykjavík
57%
65Germany350,046Wuppertal
57%
150Italy204,420Trieste
57%
64UK355,026Coventry
54%
238France153,668Dijon
54%
94France275,318Montpellier
54%
88Germany286,374Augsburg
54%
87UK286,989Kingston upon Hull
54%
70Denmark335,684Aarhus
54%
56Spain441,003Murcia
54%
109Germany246,306Kiel
54%
146Germany209,779Mainz
51%
277Switzerland135,629Lausanne
51%
110Germany245,885Aachen
51%
170UK193,821Norwich
51%
196France172,807Le Havre
51%
86Spain292,817Vigo
51%
79Italy314,555Catania
51%
285Austria132,206Innsbruck
51%
63UK357,385Bradford
51%
61Spain378,998Las Palmas
51%
152Austria203,006Linz
49%
179Spain186,064Donostia-San Sebastián
49%
140France213,454Rennes
49%
235Italy154,460Cagliari
49%
97UK273,219Stoke-on-Trent
49%
100UK260,955Derby
49%
73Spain330,525Alicante
49%
81Germany307,755Karlsruhe
46%
368France110,618Rouen
46%
399France104,321Nancy
46%
167Spain195,650Pamplona
46%
222Netherlands159,235Haarlem
46%
80Germany310,039Münster
46%
72Germany333,090Bielefeld
46%
62Germany364,732Bochum
46%
125Germany226,393Freiburg im Breisgau
46%
204Switzerland169,916Basel
46%
164Belgium196,970Liège
43%
173Norway190,464Trondheim
43%
113Spain243,978La Coruña
43%
420UK100,231Bath
43%
148Germany206,011Rostock
43%
181France183,042Reims
43%
188Germany178,151Saarbrücken
43%
104Belgium257,029Gent
43%
136Sweden214,559Uppsala
43%
208Germany167,745Potsdam
43%
132Germany216,253Lübeck
43%
161UK198,579Bournemouth
41%
101Germany260,368Gelsenkirchen
41%
96Spain273,422Gijón
41%
332France117,619Metz
41%
92Germany276,218Wiesbaden
41%
176Finland187,604Turku
41%
215Germany163,487Leverkusen
41%
304Germany124,045Wolfsburg
41%
171Italy192,836Parma
41%
168Spain194,515Almería
41%
84Spain301,876Valladolid
41%
252UK147,225Ipswich
41%
270France139,384Brest
41%
118Germany236,991Halle (Saale)
41%
126UK226,133Reading
41%
119Germany235,723Magdeburg
41%
141Spain212,830Jerez de la Frontera
38%
122Finland228,274Tampere
38%
220France160,779Grenoble
38%
342France114,977Orléans
38%
153Netherlands202,567Groningen
38%
228Germany156,267Heidelberg
38%
154Belgium202,182Charleroi
38%
127UK225,740Northampton
38%
193UK175,079Sunderland
38%
258UK145,132Blackpool
38%
40Sweden556,640Göteborg
38%
142Denmark211,937Aalborg
38%
102Germany259,996Mönchengladbach
38%
194Greece173,993Heraklion
35%
202France170,761Saint-Étienne
35%
191UK175,814Middlesbrough
35%
189Spain176,659Getafe
35%
130Spain220,567Oviedo
35%
324Spain118,919Cádiz
35%
328Belgium118,053Brugge
35%
159Finland200,526Oulu
35%
180Italy184,973Modena
35%
182Italy183,035Reggio di Calabria
32%
275Portugal136,885Braga
32%
243France151,075Nîmes
32%
211France165,584Toulon
32%
200Italy171,345Reggio nell'Emilia
32%
138UK213,953Wolverhampton
32%
299Germany124,873Würzburg
32%
284Germany132,438Ingolstadt
32%
112Spain244,634Vitoria-Gasteiz
32%
151Spain203,585Santa Cruz
32%
116Italy238,439Messina
32%
190Spain176,608Burgos
32%
371Germany109,527Jena
32%
144Italy210,401Padua
32%
274UK137,062Sale
32%
129UK222,933Luton
32%
259Spain144,949Salamanca
32%
288Spain131,094Tarragona
30%
230Sweden155,817Linköping
30%
95Finland274,583Espoo
30%
233Germany155,353Darmstadt
30%
198Spain172,426Albacete
30%
165Italy196,480Brescia
30%
317Italy122,291Syracuse
30%
276France136,125Tours
30%
256Spain145,468Huelva
30%
107Germany248,645Chemnitz
30%
250Italy147,750Rimini
30%
282Norway132,729Stavanger
30%
387France106,538Caen
30%
315UK122,064Exeter
27%
223Italy159,219Livorno
27%
158Denmark200,563Odense
27%
106Germany251,364Braunschweig
27%
417Italy100,681Ancona
27%
279Italy135,261Salerno
27%
145Germany210,118Erfurt
27%
261France143,813Le Mans
27%
187Germany179,397Hamm
27%
391Portugal105,842Coimbra
27%
323Italy119,381Bergamo
27%
197Spain172,656Santander
27%
217Germany162,403Osnabrück
27%
135Spain214,759Cartagena
27%
257Germany145,465Regensburg
27%
213Germany163,830Oldenburg
27%
278Sweden135,297Jönköping
27%
273Spain138,144Lleida
24%
265France141,365Clermont-Ferrand
24%
245Spain150,876Logroño
24%
267Sweden140,547Helsingborg
24%
262UK143,507Gloucester
24%
163Germany197,984Kassel
24%
123Spain227,659Elche
24%
133Spain215,634Badalona
24%
293Spain126,192León
24%
210Italy166,134Perugia
24%
137Greece213,984Patras
24%
312Germany122,636Ulm
24%
156Italy201,100Taranto
24%
318Italy121,014Pescara
24%
289UK130,086Newport
24%
172Italy191,150Prato
24%
344Spain114,658Jaén
24%
283France132,479Amiens
22%
366France110,733Saint-Denis
22%
355Germany112,586Koblenz
22%
330UK117,805Blackburn
22%
348Germany114,025Bremerhaven
22%
325Germany118,914Göttingen
22%
320France120,605Perpignan
22%
316Italy122,671Monza
22%
311Netherlands122,798Maastricht
22%
290UK129,073Colchester
22%
280France134,577Limoges
22%
404UK102,742Worcester
22%
212Germany164,718Ludwigshafen
22%
246Spain149,946Badajoz
22%
183Netherlands182,777Breda
22%
227UK157,880Poole
22%
224Italy159,116Ravenna
22%
206UK168,698Huddersfield
22%
199UK171,349Peterborough
22%
160UK198,826Bolton
22%
343Germany114,914Trier
19%
186UK180,465Milton Keynes
19%
216Greece162,591Larissa
19%
281Italy133,155Ferrara
19%
365France111,167Mulhouse
19%
147Spain208,246Sabadell
19%
378Greece108,642Chania
19%
225Germany158,726Solingen
19%
244France151,056Angers
19%
201Spain170,990Castellón de la Plana
19%
249Germany148,126Paderborn
19%
251Sweden147,420Västerås
19%
139Netherlands213,840Tilburg
19%
271Sweden139,363Norrköping
19%
253Sweden146,631Örebro
19%
205Germany169,278Mülheim a. d. Ruhr
19%
266Spain140,744Marbella
19%
105Spain254,804L'Hospitalet de Llobregat
19%
314Germany122,247Pforzheim
16%
310Sweden122,892Umeå
16%
185UK180,596Southend-on-Sea
16%
260Greece144,449Volos
16%
361Portugal111,541Funchal
16%
334Italy117,317Trento
16%
175Germany189,044Hagen
16%
166Spain195,907Alcalá de Henares
16%
352Italy112,953Vicenza
16%
380Switzerland108,268Winterthur
16%
401UK103,745Lincoln
16%
131Finland219,341Vantaa
16%
408Italy102,191Piacenza
16%
128Germany225,144Krefeld
16%
307Germany123,734Offenbach
16%
174UK189,307Swindon
16%
242Italy151,991Foggia
16%
264France142,149Aix-en-Provence
16%
218UK161,055Slough
16%
291Italy127,525Sassari
16%
269UK139,847Watford
16%
367Belgium110,632Namur
14%
272Finland138,850Jyväskylä
14%
226Netherlands158,142Enschede
14%
149Spain205,614Móstoles
14%
177Spain187,173Leganés
14%
157Netherlands200,954Almere
14%
240Netherlands152,472's-Hertogenbosch
14%
379Germany108,336Erlangen
14%
143Germany210,934Oberhausen
14%
345Germany114,330Recklinghausen
14%
390Spain105,893Ourense
14%
393UK105,629Wigan
14%
195Netherlands173,592Nijmegen
14%
336Germany117,143Bottrop
14%
229Germany155,851Herne
14%
296Netherlands125,525Zwolle
14%
134Spain215,121Terrassa
14%
232Germany155,414Neuss
14%
313Germany122,567Heilbronn
14%
403Spain103,615Reus
14%
231Netherlands155,721Arnhem
14%
406UK102,299Wakefield
14%
214Greece163,688Piraeus
14%
410Greece102,071Corfu
14%
413Germany101,667Hildesheim
14%
357Greece112,486Ioannina
11%
360UK111,782Doncaster
11%
303Germany124,171Fürth
11%
388Italy106,441Bozen
11%
369UK110,113Rotherham
11%
247France148,543Villeurbanne
11%
381UK108,219Sutton Coldfield
11%
396France104,748Montreuil
11%
400UK103,901St. Helens
11%
405Germany102,355Siegen
11%
346Germany114,310Reutlingen
11%
363Germany111,366Bergisch Gladbach
11%
169Spain194,171Fuenlabrada
11%
339Denmark115,905Esbjerg
11%
221Netherlands160,059Apeldoorn
11%
319UK120,622Gateshead
11%
321Spain120,601Algeciras
11%
286Spain131,855Dos Hermanas
11%
292Spain126,981Torrejón de Ardoz
11%
327Sweden118,542Lund
11%
333UK117,546Cheltenham
11%
297Spain125,517Mataró
11%
263UK143,472Birkenhead
11%
236Netherlands154,338Amersfoort
8%
331Finland117,740Kuopio
8%
398Italy104,380Novara
8%
397Germany104,529Moers
8%
192Portugal175,136Amadora
8%
254UK146,010Telford
8%
326Netherlands118,624Dordrecht
8%
377UK108,698Stockport
8%
376Netherlands108,865Leeuwarden
8%
298UK125,378Solihull
8%
372Germany109,499Remscheid
8%
412UK101,695Oldham
8%
329Italy117,913Forli
8%
353UK112,911Basingstoke
8%
335Spain117,153Santa Coloma de Gramanet
8%
364UK111,223Crawley
8%
414Netherlands101,361Delft
8%
359UK112,072Salford
8%
338France116,690Besançon
8%
203UK170,148Warrington
5%
416Netherlands101,023Venlo
5%
358UK112,332Worthing
5%
347UK114,202Chelmsford
5%
209Spain167,354Alcorcón
5%
349Netherlands113,448Ede
5%
322Finland119,452Lahti
5%
294Italy125,985Latina
5%
407Greece102,223Chalcis
5%
415Germany101,079Salzgitter
5%
421UK100,147Hemel Hempstead
5%
382Netherlands108,437Alkmaar
5%
362Italy111,501Terni
5%
341UK115,166Maidstone
5%
356UK112,501Eastbourne
5%
375France108,865Argenteuil
5%
374UK108,912Rochdale
5%
337France116,927Boulogne-Billancourt
5%
178Portugal186,502Vila Nova de Gaia
5%
409Spain102,164Telde
3%
419Italy100,440Andria
3%
309Italy122,974Giugliano in Campania
3%
300Netherlands124,745Zoetermeer
3%
402Sweden103,684Eskilstuna
3%
306Netherlands123,752Leiden
3%
301Spain124,661Parla
3%
422Spain100,025Barakaldo
3%
395Denmark105,037Fredriksberg
3%
237Netherlands153,750Zaanstad
3%
350Spain113,340Alcobendas
3%
389UK106,034Woking
3%
385Netherlands107,508Emmen
3%
383UK107,818Gillingham
3%
354UK112,793Basildon
3%
239Spain153,111La Laguna
3%
302UK124,475High Wycombe
3%
305Norway124,008Bærum
0%
351Denmark113,243Vejle
0%
418Greece100,641Kallithea
0%
255Netherlands145,989Haarlemmermeer
0%
370Sweden109,880Borås
0%
394Greece105,430Nikaia-Agios Ioannis Rentis
0%
411Greece101,753Kordelio-Evosmos
0%
373Netherlands108,918Alphen aan den Rijn
0%
386Greece106,943Acharnes
0%
392Netherlands105,636Westland
0%
268Greece139,981Peristeri
0%
384Sweden107,538Huddinge
0%

Score Distribution

Percentile by Number Answered

Percent of People with Each Score

Your Score History

You have not taken this quiz